000 00260nam a22001217a 4500
008 180109b xxu||||| |||| 00| 0 eng d
041 _aeng
080 _a574
100 _a9
101 _aMJE
245 _aEXOTIC INDOOR PLANTS
_cDAVIDSON,W
942 _2udc
_cBK
999 _c39928
_d39928